| 000 | 01014cam a2200313 a 4500 | ||
|---|---|---|---|
| 999 |
_c128167 _d128167 |
||
| 001 | 1134950 | ||
| 003 | ARRUPE | ||
| 005 | 20180914113821.0 | ||
| 008 | 940714s1994 enk b 001 0 eng d | ||
| 010 | _a 94193825 | ||
| 020 | _a0745612903 | ||
| 020 | _a0745612911 (pbk) | ||
| 035 | _a(OCoLC)30763430 | ||
| 040 |
_aMiU _cMiU _dDLC |
||
| 042 | _alccopycat | ||
| 050 | 0 | 0 |
_aB3317 _b.Z38 1994 |
| 082 | 0 | 0 | _a193 |
| 100 | 1 |
_aZeitlin, Irving M. _942199 |
|
| 245 | 1 | 0 |
_aNietzsche : _ba re-examination / _cIrving M. Zeitlin. |
| 260 |
_aCambridge, UK : _bPolity Press, _c1994. |
||
| 300 |
_aix, 178 p. ; _c24 cm. |
||
| 504 | _aIncludes bibliographical references and index. | ||
| 600 | 1 | 0 |
_aNietzsche, Friedrich Wilhelm, _d1844-1900. _942200 |
| 906 |
_a7 _bcbc _ccopycat _d2 _encip _f19 _gy-gencatlg |
||
| 942 |
_2lcc _cMONOGRAPH |
||